| 000 | 00860amm a2200325 4500 | ||
|---|---|---|---|
| 008 | 070106s2007 o cat d | ||
| 017 | _aB-37001-2006 | ||
| 041 | _acat | ||
| 041 | _beng | ||
| 041 | _bfre | ||
| 041 | _bglg | ||
| 041 | _bspa | ||
| 041 | _bita | ||
| 041 | _bpor | ||
| 245 |
_aVocabulari bàsic del genoma humà _h[en línia] |
||
| 260 |
_aBarcelona _bInstitut Universitari de Lingüística Aplicada |
||
| 260 |
_bRealiter _c2007 |
||
| 490 |
_aMaterials _v6 |
||
| 500 | _aCategoria gramatical | ||
| 520 | _aaprox. 160 | ||
| 592 | _aObra terminològica | ||
| 593 | _aDB | ||
| 650 | 0 |
_agenètica _962352 |
|
| 830 |
_aMaterials _v6 _962416 |
||
| 856 | _uhttp://www.iula.upf.edu/rec/vbgenoma/cat/index.html | ||
| 901 | _c<2007> | ||
| 902 | _a070106 | ||
| 942 |
_cMO _n0 _2ddc |
||
| 999 |
_c68379 _d68379 |
||